<?xml version="1.0" encoding="UTF-8"?>
<collection xmlns="http://www.loc.gov/MARC21/slim">
  <record>
    <leader>00000nam  2200000   4500</leader>
    <controlfield tag="001">INLIS000000000005604</controlfield>
    <controlfield tag="005">20241210032117</controlfield>
    <datafield tag="035" ind1="#" ind2="#">
      <subfield code="a">0010-0819000034</subfield>
    </datafield>
    <controlfield tag="007">ta</controlfield>
    <controlfield tag="008">241210################g##########0#ind##</controlfield>
    <datafield tag="082" ind1="#" ind2="#">
      <subfield code="a">352.14</subfield>
    </datafield>
    <datafield tag="084" ind1="#" ind2="#">
      <subfield code="a">352.14 Ino</subfield>
    </datafield>
    <datafield tag="245" ind1="#" ind2="#">
      <subfield code="a">Inovasi Kabupaten di Indonesia</subfield>
    </datafield>
    <datafield tag="260" ind1="#" ind2="#">
      <subfield code="a">Jakarta :</subfield>
      <subfield code="b">BKKSI,</subfield>
      <subfield code="c">2008</subfield>
    </datafield>
    <datafield tag="300" ind1="#" ind2="#">
      <subfield code="a">viii, 144 hlm. :</subfield>
      <subfield code="b">ilus ;</subfield>
      <subfield code="c">23 cm</subfield>
    </datafield>
    <datafield tag="650" ind1="#" ind2="4">
      <subfield code="a">Inovasi, Kabupaten, pelayanan publik</subfield>
    </datafield>
    <datafield tag="520" ind1="#" ind2="#">
      <subfield code="a">Pendokumentasian dan penyusunan buku ini tidak terlepas dari banyaknya daerah yang telah melakukan perubahan dengan cepat melalui program-prongram dan inovasi yang terarah, sekalipun sarana, prasarana dan sumber daya yang dimiliki. Pada umumnya, daerah-daerah menghadapi permasalahan yang hampir sama, seperti masalah kesehatan, pendidikan, pertanian, pengairan, pelayanan publik,  kependudukan dan lain-lain. Untuk itu, Pemerintah Daerah perlu melakukan terobosan-terobosan untuk mengatasi permasalahan tersebut melalui inovasi dan inisiatif.</subfield>
    </datafield>
    <datafield tag="710" ind1=" " ind2="#">
      <subfield code="a">Badan Kerjasama Kabupaten Seluruh Indonesia (BKKSI)</subfield>
    </datafield>
    <datafield tag="856" ind1="#" ind2="#">
      <subfield code="a">Perpustakaan Lembaga Administrasi Negara</subfield>
    </datafield>
    <datafield tag="990" ind1="#" ind2="#">
      <subfield code="a">090412378</subfield>
    </datafield>
    <datafield tag="990" ind1="#" ind2="#">
      <subfield code="a">090412377</subfield>
    </datafield>
  </record>
</collection>
